Lịch sử Việt Nam bằng tranh T.10 Họ Khúc dựng nền tự chủ

محفوظ في:
التفاصيل البيبلوغرافية
المؤلف الرئيسي: Trần Bạch Đằng (Chủ biên)
مؤلفون آخرون: Nguyễn Khắc Thuần (biên soạn), Nguyễn Trung Tín
التنسيق: كتاب
منشور في: Tp. Hồ Chí Minh Trẻ 2002
الموضوعات:
الوسوم: إضافة وسم
لا توجد وسوم, كن أول من يضع وسما على هذه التسجيلة!
Thư viện lưu trữ: Trung tâm Học liệu Lê Vũ Hùng, Trường Đại học Đồng Tháp
LEADER 01017pam a22002778a 4500
001 00019471
005 20171026081022.0
008 110506s2002 ||||||Viesd
020 |c 6000 
041 0 # |a Vie 
082 1 # |a 959.7  |b L302S 
100 0 # |a Trần Bạch Đằng  |e Chủ biên 
245 0 0 |a Lịch sử Việt Nam bằng tranh  |c Trần Bạch Đằng chủ biên, Nguyễn Khắc Thuần biên soạn; Nguyễn Trung Tín  |n T.10  |p Họ Khúc dựng nền tự chủ 
260 # # |a Tp. Hồ Chí Minh  |b Trẻ  |c 2002 
300 # # |a 94 tr.  |b Ảnh trắng đen  |c 21 cm. 
653 # # |a Lịch sử 
653 # # |a Sách tranh 
653 # # |a họ Khúc 
653 # # |a Việt Nam 
653 # # |a Trung đại 
700 0 # |a Nguyễn Khắc Thuần  |e biên soạn 
700 0 # |a Nguyễn Trung Tín 
852 # # |j KD.0004633 
852 # # |b Kho đọc  |j KD.0004633 
910 |d 06/05/2011 
980 # # |a Trung tâm Học liệu Lê Vũ Hùng, Trường Đại học Đồng Tháp